| 000 | 00523nam a22001817a 4500 | ||
|---|---|---|---|
| 999 |
_c187504 _d187504 |
||
| 005 | 20220421122611.0 | ||
| 010 | _aENG-132348 | ||
| 020 | _c99.00 | ||
| 035 | _aEN-115880 | ||
| 037 | _bDBAD/PUB | ||
| 082 | _a480 | ||
| 100 | _aSatyanarayana, P. | ||
| 245 |
_aAPPSC Government Polytechnic College Lecturers English Language Teaching/ _cP. Satyanarayana |
||
| 260 |
_aMachilipatnam _bAmigo Books _c2012 |
||
| 270 |
_bMachilipatnam _e521001 |
||
| 300 |
_a174p. _c27cm(pbk) |
||
| 942 |
_2ddc _cEN _h480 _mSAT |
||